000 00298nam a22001337a 4500
008 180109b xxu||||| |||| 00| 0 eng d
020 _a0906783267
041 _aeng
080 _a612.39
100 _a10
101 _aNUT
245 _aBASIC STUDIES IN FOOD
_cMCLOUGHLIN.J.V
942 _2udc
_cBK
999 _c39926
_d39926